000 00354 a2200157 4500
001 72054
020 _a8571800332
040 _cAnchieta - Colégio São Paulo
100 _aPedro, Mirian
240 1 0 _aO palhacinho Leo
_lpor
245 1 0 _aO palhacinho Leo
300 _a[10p.]
362 0 _a1990
650 4 _aLiteratura infanto-juvenil
942 _cBK
999 _c72054
_d72054